[Event "Romanian Open"]
[Site "?"]
[Date "2019.11.02"]
[Round "?"]
[White "Filip, Lucian-Ioan"]
[Black "Stoleriu , George"]
[Result "1/2-1/2"]
[WhiteElo "2418"]
[BlackElo "2351"]
[PlyCount "31"]
[EventDate "2019.??.??"]

1. Nf3 Nf6 2. c4 e6 3. g3 b6 4. Bg2 Bb7 5. O-O c5 6. Nc3 Be7 7. d4 cxd4 8. Qxd4
Nc6 9. Qf4 O-O 10. Rd1 Qb8 11. Qxb8 Raxb8 12. Bf4 Rbc8 13. b3 Rfd8 14. Nd4 Na5
15. Ncb5 Bxg2 16. Kxg2 1/2-1/2

[Event "TCh-ROU Superliga 2018"]
[Site "Sovata ROU"]
[Date "2018.11.24"]
[Round "1.1"]
[White "Moldovan , Daniel"]
[Black "Stoleriu , George"]
[Result "1-0"]
[WhiteElo "2406"]
[BlackElo "2362"]
[PlyCount "59"]
[EventDate "2018.11.24"]
[WhiteTeam "CSU Ploiesti"]
[BlackTeam "ACS Sah Club Vados Arad"]

1. d4 e6 2. Nf3 Nf6 3. e3 b6 4. Bd3 Bb7 5. O-O Be7 6. Nbd2 c5 7. c3 O-O 8. e4
d5 9. e5 Nfd7 10. Re1 Ba6 11. Bc2 Nc6 12. a3 Rc8 13. b4 cxd4 14. cxd4 Qc7 15.
Bb1 f6 16. exf6 Bxf6 17. Bb2 Qd6 18. Qb3 Bc4 19. Qe3 Rce8 20. Nxc4 dxc4 21. Ne5
Bxe5 22. dxe5 Qc7 23. Qe4 Rf5 24. Qxc4 Ndxe5 25. Bxe5 Rxe5 26. Be4 Rc8 27. b5
Rh5 28. Qxe6+ Kh8 29. Qxc8+ Qxc8 30. Bxc6 1-0

[Event "TCh-ROU Superliga 2018"]
[Site "Sovata ROU"]
[Date "2018.11.25"]
[Round "2.1"]
[White "Stoleriu , George"]
[Black "Anton, Teodor"]
[Result "1/2-1/2"]
[WhiteElo "2362"]
[BlackElo "2431"]
[PlyCount "139"]
[EventDate "2018.11.24"]
[WhiteTeam "ACS Sah Club Vados Arad"]
[BlackTeam "CS Studentesc Medicina Timisoara"]

1. e4 c5 2. Nf3 d6 3. d4 cxd4 4. Nxd4 Nf6 5. Nc3 a6 6. a4 e5 7. Nf3 Be7 8. Bc4
Be6 9. Qe2 Qc8 10. Ba2 Nc6 11. Bg5 Nb4 12. Bb3 Bxb3 13. cxb3 Qe6 14. O-O Qxb3
15. Nh4 Ng8 16. Qg4 Qe6 17. Nf5 Qg6 18. f4 exf4 19. Nxe7 Nxe7 20. Qxf4 Nec6 21.
Rad1 Ne5 22. Nd5 Nxd5 23. Rxd5 O-O 24. Be7 Rfe8 25. Bxd6 Nc6 26. Rg5 Qe6 27. e5
Rad8 28. h4 Rd7 29. h5 Kh8 30. Rf5 Kg8 31. h6 Qxh6 32. Rxf7 Qxf4 33. R7xf4 g6
34. Rf8+ Rxf8 35. Rxf8+ Kg7 36. Rf6 Rf7 37. Re6 Rf4 38. Re8 Rxa4 39. Rc8 Re4
40. Rc7+ Kg8 41. Rc8+ Kg7 42. Rc7+ Kh6 43. Rxb7 Nxe5 44. Bxe5 Rxe5 45. Rb6 Ra5
46. b4 Ra1+ 47. Kh2 Kg5 48. b5 a5 49. Ra6 a4 50. b6 Rb1 51. Rxa4 Rxb6 52. Ra5+
Kf6 53. Rc5 Re6 54. Ra5 Re5 55. Ra4 Kg5 56. Kg3 h5 57. Kf3 h4 58. Kf2 Rf5+ 59.
Kg1 Rf4 60. Ra3 Kg4 61. Kh2 Rb4 62. Rc3 g5 63. Ra3 Re4 64. Rf3 Re2 65. Ra3 Kf4
66. Ra4+ Re4 67. Rxe4+ Kxe4 68. g3 h3 69. Kxh3 Kf3 70. g4 1/2-1/2

[Event "TCh-ROU Superliga 2018"]
[Site "Sovata ROU"]
[Date "2018.11.29"]
[Round "6.1"]
[White "Stoleriu , George"]
[Black "Ileana, George"]
[Result "1-0"]
[WhiteElo "2362"]
[BlackElo "2318"]
[PlyCount "45"]
[EventDate "2018.11.24"]
[WhiteTeam "ACS Sah Club Vados Arad"]
[BlackTeam "CS Victoria Sparta Techirghiol"]

1. e4 c5 2. b3 d6 3. Bb2 Nf6 4. Nc3 Nc6 5. Bb5 a6 6. Bxc6+ bxc6 7. f4 Bg4 8.
Nf3 e6 9. h3 Bxf3 10. Qxf3 d5 11. d3 Be7 12. O-O O-O 13. Na4 Nd7 14. Rae1 Re8
15. f5 Bf8 16. fxe6 fxe6 17. exd5 exd5 18. Qf7+ Kh8 19. Re6 Rc8 20. Rd6 Re7 21.
Qf5 Qe8 22. Nb6 Nxb6 23. Rh6 1-0

[Event "TCh-ROU Superliga 2018"]
[Site "Sovata ROU"]
[Date "2018.12.01"]
[Round "8.1"]
[White "Stoleriu , George"]
[Black "Pop, Alexandru"]
[Result "1-0"]
[WhiteElo "2362"]
[BlackElo "2274"]
[PlyCount "135"]
[EventDate "2018.11.24"]
[WhiteTeam "ACS Sah Club Vados Arad"]
[BlackTeam "CS Otopeni"]

1. e4 e6 2. d4 d5 3. Nc3 Bb4 4. Nge2 Nf6 5. Bg5 dxe4 6. a3 Be7 7. Bxf6 Bxf6 8.
Nxe4 O-O 9. Qd2 b6 10. g3 Bb7 11. Bg2 c6 12. O-O Be7 13. c4 Nd7 14. Rfd1 Nf6
15. N2c3 Rc8 16. Rac1 Rc7 17. Ng5 Rd7 18. Nf3 c5 19. d5 exd5 20. Ne5 d4 21.
Nxd7 Qxd7 22. Qe2 Bxg2 23. Kxg2 Qb7+ 24. Nd5 Nxd5 25. Qf3 Bg5 26. Rc2 Ne3+ 27.
fxe3 Qxf3+ 28. Kxf3 Bxe3 29. b4 Rc8 30. Rb1 Kf8 31. bxc5 Rxc5 32. Rb5 Rc6 33.
Ke2 Rf6 34. Kd3 Bg1 35. Rg2 Rf1 36. c5 bxc5 37. Rxc5 Rd1+ 38. Rd2 Rxd2+ 39.
Kxd2 Bxh2 40. Rc8+ Ke7 41. Rc7+ Ke6 42. Rxa7 Bxg3 43. a4 d3 44. a5 Bf2 45. Rb7
h5 46. Kxd3 g5 47. Ke2 Bg1 48. a6 f5 49. a7 Bxa7 50. Rxa7 Ke5 51. Kf2 h4 52.
Ra5+ Kf4 53. Ra4+ Ke5 54. Ke3 Kf6 55. Ra6+ Ke5 56. Rg6 g4 57. Rg5 h3 58. Rh5
Kf6 59. Kf4 Kg6 60. Rh4 Kf6 61. Rh6+ Kg7 62. Ra6 Kf7 63. Rb6 Kg7 64. Rc6 Kf7
65. Rd6 Kg7 66. Rd7+ Kf6 67. Rc7 Kg6 68. Rc5 1-0

[Event "Romania 100 Open 2018"]
[Site "Alba Iulia ROU"]
[Date "2018.11.13"]
[Round "3.4"]
[White "Manolache, Marius"]
[Black "Stoleriu , George"]
[Result "1-0"]
[WhiteElo "2518"]
[BlackElo "2362"]
[PlyCount "81"]
[EventDate "2018.11.12"]

1. d4 e6 2. Nf3 Nf6 3. e3 b6 4. b3 Bb7 5. Bd3 Be7 6. c4 c5 7. O-O O-O 8. dxc5
bxc5 9. Bb2 d6 10. Nc3 Nc6 11. Qe2 a6 12. Rac1 Qc7 13. Rfd1 Rac8 14. Bb1 Rfd8
15. Na4 h6 16. Bc3 Ba8 17. Ne1 Qb7 18. Qf3 Qc7 19. Qg3 Ne8 20. Nd3 Bf6 21. Nf4
Bxc3 22. Nxc3 Qe7 23. h4 Nf6 24. Ne4 Nxe4 25. Bxe4 Qf6 26. Rd2 Qe5 27. Bf3 Rd7
28. Rcd1 Rcd8 29. Nd3 Qxg3 30. fxg3 Ne7 31. Nxc5 Rc7 32. Nxa6 Ra7 33. Rxd6 Rxd6
34. Rxd6 Bxf3 35. gxf3 Nf5 36. Rd8+ Kh7 37. Nb4 Nxe3 38. c5 Nf5 39. c6 Ne7 40.
a4 Kg6 41. Rd7 1-0

[Event "Romania 100 Open 2018"]
[Site "Alba Iulia ROU"]
[Date "2018.11.15"]
[Round "5.6"]
[White "Istratescu, Andrei"]
[Black "Stoleriu , George"]
[Result "1/2-1/2"]
[WhiteElo "2565"]
[BlackElo "2362"]
[PlyCount "86"]
[EventDate "2018.11.12"]

1. Nf3 Nf6 2. c4 e6 3. g3 b6 4. Bg2 Bb7 5. O-O c5 6. Nc3 Be7 7. d4 cxd4 8. Qxd4
Nc6 9. Qf4 Qb8 10. Rd1 O-O 11. b3 Rd8 12. Qxb8 Raxb8 13. Bf4 Rbc8 14. Bd6 Kf8
15. Nb5 Ne8 16. Ng5 Nxd6 17. Nxd6 Bxd6 18. Rxd6 Ke7 19. Rad1 h6 20. Ne4 Na5 21.
Nc3 Bxg2 22. Kxg2 Rc6 23. R6d3 Nb7 24. e4 Rd6 25. Rxd6 Nxd6 26. Kf3 Rc8 27. e5
Nb7 28. Ke3 d5 29. exd6+ Nxd6 30. Ne4 Nxe4 31. Kxe4 Rc7 32. Ke3 Rc8 33. h4 h5
34. Rd4 f6 35. Kd3 g5 36. Ke3 Rc5 37. hxg5 fxg5 38. f3 Re5+ 39. Kf2 Ra5 40. Rd2
Re5 41. Rd1 Ra5 42. Rd2 Re5 43. Rd1 Ra5 1/2-1/2

[Event "Romania 100 Open 2018"]
[Site "Alba Iulia ROU"]
[Date "2018.11.15"]
[Round "6.9"]
[White "Stoleriu , George"]
[Black "Marin , Mihail"]
[Result "1/2-1/2"]
[WhiteElo "2362"]
[BlackElo "2555"]
[PlyCount "69"]
[EventDate "2018.11.12"]

1. e4 e6 2. d4 d5 3. Nc3 Bb4 4. Nge2 Nc6 5. a3 Ba5 6. b4 Bb6 7. Bb2 Nge7 8. g3
e5 9. dxe5 Nxe5 10. Nf4 Bg4 11. Be2 Bxe2 12. Qxe2 Nc4 13. O-O-O Nxb2 14. Kxb2
d4 15. Ncd5 O-O 16. Qc4 Nc6 17. Nxb6 axb6 18. b5 Qe7 19. a4 Ne5 20. Qxd4 c6 21.
Nd3 Nf3 22. Qb4 Qf6+ 23. c3 Rfe8 24. Nf4 Ne5 25. h4 h6 26. h5 Ra5 27. Ra1 Ng4
28. Rhf1 Qe5 29. f3 Nf6 30. Qd4 cxb5 31. Qxe5 Rxe5 32. axb5 Rexb5+ 33. Kc2 Nxh5
34. Ne2 g6 35. Rfb1 1/2-1/2

[Event "World Youth Open U16 2018"]
[Site "Porto Carras GRE"]
[Date "2018.10.21"]
[Round "2.20"]
[White "Stoleriu , George"]
[Black "Semjonovs, Ilja"]
[Result "1/2-1/2"]
[WhiteElo "2362"]
[BlackElo "2245"]
[PlyCount "93"]
[EventDate "2018.10.20"]

1. e4 c5 2. Nc3 Nc6 3. Bb5 Nd4 4. Bc4 e6 5. Nge2 a6 6. d3 b5 7. Bb3 Nc6 8. O-O
Nf6 9. Bg5 Be7 10. f4 d6 11. Ng3 O-O 12. Kh1 h6 13. Bxf6 Bxf6 14. Qg4 Kh8 15.
Rae1 Bh4 16. Nce2 d5 17. exd5 exd5 18. Qf3 Ne7 19. c3 f5 20. Ng1 Bb7 21. Re6
Qd7 22. Rfe1 c4 23. Bc2 Bc8 24. R6e2 Nc6 25. d4 Qf7 26. Qf2 Bd7 27. Nf3 Bxg3
28. Qxg3 Rae8 29. Nh4 Rxe2 30. Rxe2 Kh7 31. Qh3 g6 32. Nf3 Kg7 33. Ne5 Nxe5 34.
dxe5 Be6 35. Qe3 Qc7 36. Rd2 Rb8 37. Bd1 b4 38. Bf3 Qb6 39. Qxb6 Rxb6 40. cxb4
Rxb4 41. Kg1 d4 42. Kf1 g5 43. g3 gxf4 44. gxf4 c3 45. bxc3 dxc3 46. Rc2 Rxf4
47. Rxc3 1/2-1/2

[Event "World Youth Open U16 2018"]
[Site "Porto Carras GRE"]
[Date "2018.10.22"]
[Round "4.29"]
[White "Stoleriu , George"]
[Black "Kovacsy, Barnabas"]
[Result "1-0"]
[WhiteElo "2362"]
[BlackElo "2104"]
[PlyCount "61"]
[EventDate "2018.10.20"]

1. e4 c5 2. Nf3 e6 3. d4 cxd4 4. Nxd4 Nc6 5. Nc3 Qc7 6. Qd3 a6 7. Nxc6 bxc6 8.
Qg3 e5 9. f4 d6 10. Be2 g6 11. fxe5 dxe5 12. O-O Be6 13. Kh1 Bg7 14. Na4 Nf6
15. Nc5 Qe7 16. Qf2 Ng4 17. Bxg4 Bxg4 18. Bg5 Qc7 19. h3 Bc8 20. Bd8 Kxd8 21.
Rad1+ Ke8 22. Rd7 Bxd7 23. Qxf7+ Kd8 24. Rd1 Ra7 25. Ne6+ Kc8 26. Nxc7 Rxc7 27.
Qxg7 Re8 28. Qxh7 g5 29. Qg6 g4 30. h4 Kb7 31. Rxd7 1-0

[Event "World Youth Open U16 2018"]
[Site "Porto Carras GRE"]
[Date "2018.10.24"]
[Round "6.29"]
[White "Stoleriu , George"]
[Black "O'Gorman, Tom"]
[Result "1-0"]
[WhiteElo "2362"]
[BlackElo "2218"]
[PlyCount "109"]
[EventDate "2018.10.20"]

1. e4 c5 2. Nf3 d6 3. d4 cxd4 4. Nxd4 Nf6 5. Nc3 a6 6. a4 Nc6 7. Nxc6 bxc6 8.
a5 d5 9. Bd3 e5 10. O-O Bd6 11. Bg5 Bb7 12. Qf3 h6 13. Bxf6 Qxf6 14. Qxf6 gxf6
15. Rfd1 O-O-O 16. exd5 cxd5 17. Bf5+ Kb8 18. Nxd5 Bxd5 19. Rxd5 Bb4 20. Bd7
Rhe8 21. Rad1 Re7 22. Bf5 Rxd5 23. Rxd5 Rb7 24. Kf1 Be7 25. b3 Rb5 26. Rd7 Rb7
27. Rxb7+ Kxb7 28. Be4+ Kc7 29. c3 Ba3 30. Ke2 Bc1 31. Kd1 Ba3 32. b4 Bb2 33.
Kc2 Ba1 34. Bd5 Kb8 35. Bxf7 Kc7 36. Bc4 Kb7 37. Bd3 Ka7 38. f3 Kb7 39. Kb3 Ka7
40. c4 Bd4 41. c5 Kb7 42. Kc4 Bf2 43. b5 axb5+ 44. Kxb5 h5 45. a6+ Ka7 46. Kc6
h4 47. Kd6 h3 48. gxh3 Kb8 49. c6 Bb6 50. Kd7 f5 51. a7+ Kxa7 52. c7 Bxc7 53.
Kxc7 e4 54. fxe4 fxe4 55. Bxe4 1-0

[Event "World Youth Open U16 2018"]
[Site "Porto Carras GRE"]
[Date "2018.10.29"]
[Round "10.21"]
[White "Stoleriu , George"]
[Black "Alivodic, Dario"]
[Result "1/2-1/2"]
[WhiteElo "2362"]
[BlackElo "2082"]
[PlyCount "48"]
[EventDate "2018.10.20"]

1. e4 e6 2. d4 d5 3. Nc3 Bb4 4. exd5 exd5 5. Bd3 Nc6 6. a3 Bxc3+ 7. bxc3 Nge7
8. Qh5 g6 9. Qf3 Bf5 10. Bg5 Qd6 11. Ne2 f6 12. Bf4 Qd7 13. a4 O-O-O 14. h3 h5
15. Ng3 Bxd3 16. cxd3 Rde8 17. Kd2 Nf5 18. Nxf5 Qxf5 19. h4 Re6 20. Rh3 Na5 21.
Kc2 Rb6 22. Be3 Qd7 23. Rhh1 Re8 24. Ra3 f5 1/2-1/2

[Event "World Youth Open U16 2018"]
[Site "Porto Carras GRE"]
[Date "2018.10.30"]
[Round "11.23"]
[White "Juksta, Karolis"]
[Black "Stoleriu , George"]
[Result "1/2-1/2"]
[WhiteElo "2234"]
[BlackElo "2362"]
[PlyCount "34"]
[EventDate "2018.10.20"]

1. d4 e6 2. e4 d5 3. exd5 exd5 4. Bf4 Bd6 5. Bxd6 Qxd6 6. c3 Bf5 7. Bd3 Bxd3 8.
Qxd3 Nc6 9. Nd2 Nge7 10. Ngf3 Qe6+ 11. Qe2 Qxe2+ 12. Kxe2 Ng6 13. g3 Kd7 14.
Kd3 h5 15. h4 f6 16. Ng1 Rae8 17. Nh3 Re7 1/2-1/2

[Event "European Youth U18 Teams"]
[Site "Bad Blankenburg GER"]
[Date "2018.07.15"]
[Round "4.3"]
[White "Teclaf, Pawel"]
[Black "Stoleriu , George"]
[Result "1/2-1/2"]
[WhiteElo "2399"]
[BlackElo "2347"]
[PlyCount "127"]
[EventDate "2018.07.12"]
[WhiteTeam "Poland"]
[BlackTeam "Romania"]
[WhiteTeamCountry "LES"]
[BlackTeamCountry "NAU"]

1. e4 c6 2. d4 d5 3. e5 Bf5 4. h4 h5 5. c4 e6 6. Nc3 Ne7 7. Bg5 dxc4 8. Bxc4
Nd7 9. Nge2 f6 10. exf6 gxf6 11. Be3 Nb6 12. Bd3 Qd7 13. Nf4 O-O-O 14. Be2 Ned5
15. Nfxd5 Nxd5 16. Qa4 Kb8 17. Nxd5 Qxd5 18. Bf3 Be4 19. Bxe4 Qxe4 20. O-O-O
Bd6 21. Qb3 Rhg8 22. g3 Qd5 23. Qxd5 exd5 24. Rhe1 Kc7 25. Bd2 Rde8 26. Rxe8
Rxe8 27. Re1 Rxe1+ 28. Bxe1 Kd7 29. Kc2 Ke6 30. f3 f5 31. Kd3 b6 32. b4 Be7 33.
Bd2 Bd6 34. Be1 Kf7 35. a4 a6 36. f4 Ke6 37. Bc3 c5 38. b5 axb5 39. axb5 Kd7
40. Be1 cxd4 41. Bf2 Bc5 42. Bg1 Ke7 43. Bf2 Ke6 44. Bg1 Kd7 45. Bf2 Kc7 46.
Be1 Kd6 47. Bf2 Kd7 48. Bg1 Kc7 49. Bf2 Bb4 50. Ke2 d3+ 51. Kxd3 Bc5 52. Be3
Kd6 53. Bd4 Kc7 54. Be3 Kd7 55. Ke2 d4 56. Bc1 d3+ 57. Kxd3 Ke6 58. Kc4 Bf2 59.
Bb2 Bxg3 60. Bd4 Bxh4 61. Bxb6 Be7 62. Kd4 Bd6 63. Ke3 Kd5 64. Bd8 1/2-1/2

[Event "ch-ROU 2018"]
[Site "Olanesti ROU"]
[Date "2018.05.14"]
[Round "1.15"]
[White "Rauca, Horatiu-Augustin"]
[Black "Stoleriu , George"]
[Result "0-1"]
[WhiteElo "1897"]
[BlackElo "2333"]
[PlyCount "74"]
[EventDate "2018.05.14"]

1. g3 e5 2. Bg2 Nc6 3. d3 g6 4. b3 Bg7 5. Bb2 Nge7 6. e3 O-O 7. Ne2 d6 8. Nd2
Be6 9. a3 Qd7 10. h3 Bd5 11. Bxd5 Nxd5 12. c4 Nde7 13. Qc2 a5 14. O-O-O Rfb8
15. d4 exd4 16. Nxd4 Nxd4 17. Bxd4 Bxd4 18. exd4 d5 19. g4 Qd6 20. Kb2 a4 21.
b4 Qf4 22. Qd3 dxc4 23. Nxc4 Rd8 24. Qd2 Nd5 25. Qxf4 Nxf4 26. Rhe1 Re8 27. Re3
Rxe3 28. fxe3 Nxh3 29. b5 Nf2 30. Rg1 Re8 31. Rg2 Nd1+ 32. Kc1 Nc3 33. b6 cxb6
34. Kc2 Nd5 35. Kd2 b5 36. Nd6 Rxe3 37. Nxb5 Rb3 0-1

[Event "ch-ROU 2018"]
[Site "Olanesti ROU"]
[Date "2018.05.15"]
[Round "2.2"]
[White "Stoleriu , George"]
[Black "Deac, Bogdan Daniel"]
[Result "0-1"]
[WhiteElo "2333"]
[BlackElo "2575"]
[PlyCount "60"]
[EventDate "2018.05.14"]

1. Nf3 d5 2. c4 d4 3. e3 Nc6 4. exd4 Nxd4 5. Nxd4 Qxd4 6. Nc3 c6 7. d3 Nh6 8.
Be3 Qd8 9. d4 Nf5 10. Qd2 g6 11. Be2 Bg7 12. Rd1 O-O 13. O-O Qa5 14. Ne4 Qxd2
15. Rxd2 e5 16. d5 cxd5 17. cxd5 Nxe3 18. fxe3 Bh6 19. Nf6+ Kg7 20. Rd3 Bg5 21.
Ne4 Bd8 22. Rc1 Bf5 23. Bf3 Bxe4 24. Bxe4 f5 25. Bf3 e4 26. Rb3 exf3 27. Rxb7+
Rf7 28. Rxf7+ Kxf7 29. gxf3 Bb6 30. Kf1 Re8 0-1

[Event "ch-ROU 2018"]
[Site "Olanesti ROU"]
[Date "2018.05.16"]
[Round "3.11"]
[White "Paraschiv, Paul-Alexandru"]
[Black "Stoleriu , George"]
[Result "1-0"]
[WhiteElo "2131"]
[BlackElo "2333"]
[PlyCount "93"]
[EventDate "2018.05.14"]

1. d4 Nf6 2. Nf3 e6 3. e3 c5 4. Bd3 b6 5. O-O Bb7 6. c4 Be7 7. Nc3 cxd4 8. exd4
O-O 9. d5 Bb4 10. Ne4 Nxe4 11. Bxe4 h6 12. a3 Be7 13. Re1 exd5 14. Bxd5 Nc6 15.
Bf4 Bf6 16. Qd2 Qc8 17. Bd6 Re8 18. Rxe8+ Qxe8 19. Re1 Qc8 20. b4 a6 21. Qe3 b5
22. Qe4 Nd8 23. c5 Bxd5 24. Qxd5 Ne6 25. Ne5 Bxe5 26. Bxe5 Qc6 27. Rd1 a5 28.
f4 axb4 29. axb4 Qxd5 30. Rxd5 f6 31. f5 Ng5 32. Bd4 Ra4 33. Rxd7 Rxb4 34. h4
Ne4 35. c6 Rc4 36. c7 Kh7 37. Bb6 b4 38. Rd4 Rc1+ 39. Kh2 Nf2 40. Rxb4 h5 41.
Rb3 Rh1+ 42. Kg3 Ne4+ 43. Kf3 Nd6 44. Bc5 Nc8 45. Be3 Rxh4 46. Rb8 Ne7 47. Re8
1-0

[Event "ch-ROU 2018"]
[Site "Olanesti ROU"]
[Date "2018.05.17"]
[Round "4.17"]
[White "Stoleriu , George"]
[Black "Craciun, Ovidiu"]
[Result "1-0"]
[WhiteElo "2333"]
[BlackElo "1931"]
[PlyCount "89"]
[EventDate "2018.05.14"]

1. e4 e5 2. Nf3 Nc6 3. Bb5 a6 4. Ba4 Nf6 5. d3 b5 6. Bb3 Bc5 7. O-O h6 8. Re1
O-O 9. Nbd2 d6 10. c3 Be6 11. Nf1 Ng4 12. d4 exd4 13. cxd4 Bxb3 14. axb3 Bb6
15. h3 Nf6 16. d5 Ne7 17. Be3 Nd7 18. Bxb6 Nxb6 19. Nd4 Qd7 20. Ne3 c5 21. dxc6
Nxc6 22. Nxc6 Qxc6 23. Nf5 Kh7 24. Qd4 f6 25. Rac1 Qb7 26. Nxd6 Rad8 27. Red1
Qb8 28. Qc5 Nc8 29. Nf5 Qf4 30. Qe3 Qe5 31. Qg3 Qxg3 32. Nxg3 Rxd1+ 33. Rxd1
Rf7 34. Rc1 Nb6 35. Rc6 Rb7 36. Nf5 g6 37. Nd6 Rb8 38. f4 Kg8 39. e5 fxe5 40.
fxe5 a5 41. Ne4 Kg7 42. Rc7+ Kf8 43. Nf6 Rd8 44. e6 Nd5 45. Rf7# 1-0

[Event "ch-ROU 2018"]
[Site "Olanesti ROU"]
[Date "2018.05.20"]
[Round "7.9"]
[White "Pisu, Robert Daniel"]
[Black "Stoleriu , George"]
[Result "0-1"]
[WhiteElo "2254"]
[BlackElo "2333"]
[PlyCount "90"]
[EventDate "2018.05.14"]

1. d4 e6 2. Nf3 Nf6 3. c4 Bb4+ 4. Nbd2 b6 5. e3 Bb7 6. Bd3 O-O 7. O-O Bxd2 8.
Nxd2 c5 9. b3 cxd4 10. exd4 d5 11. Bb2 Nc6 12. Nf3 Rc8 13. Rc1 Re8 14. Re1 dxc4
15. bxc4 Qd6 16. Bb1 Red8 17. Qd3 Nb4 18. Qb3 Nc6 19. Qe3 Na5 20. Ne5 b5 21. c5
Qd5 22. Qh3 h6 23. Re3 Nc6 24. Nxc6 Bxc6 25. Re5 Qd7 26. Rce1 Qc7 27. Qh4 Rd5
28. Rxd5 Nxd5 29. Bc1 Qe7 30. Qe4 Nf6 31. Qh4 Rd8 32. h3 Kf8 33. Be3 Ng8 34.
Qf4 Qb7 35. f3 Nf6 36. Qh4 Qe7 37. Bg5 hxg5 38. Qh8+ Ng8 39. Bh7 Qf6 40. Bxg8
Qxd4+ 41. Kh1 Ke7 42. Qh7 Qf6 43. Kg1 Rd2 44. Qh5 g6 45. Qg4 Qd4+ 0-1

[Event "ch-ROU 2018"]
[Site "Olanesti ROU"]
[Date "2018.05.21"]
[Round "8.6"]
[White "Stoleriu , George"]
[Black "Anton, Teodor"]
[Result "0-1"]
[WhiteElo "2333"]
[BlackElo "2426"]
[PlyCount "130"]
[EventDate "2018.05.14"]

1. e4 c5 2. Nc3 Nc6 3. Bb5 e6 4. Bxc6 bxc6 5. f4 d5 6. d3 Nf6 7. Nf3 Ba6 8. e5
Nd7 9. O-O c4 10. d4 Be7 11. Kh1 Rb8 12. Re1 O-O 13. Ne2 f6 14. exf6 Nxf6 15.
Nc3 Bd6 16. Ng5 Bc8 17. Qe2 h6 18. Nf3 Qc7 19. b3 Bb4 20. Bd2 cxb3 21. axb3 a5
22. Qe5 Bd6 23. Qe2 Ra8 24. Ne5 Ba6 25. Qe3 c5 26. Qh3 Rfe8 27. Nf3 Bxf4 28.
Bxf4 Qxf4 29. dxc5 d4 30. Ne2 Bxe2 31. Rxe2 e5 32. Rae1 a4 33. bxa4 Rxa4 34.
Nd2 Ra7 35. Rf1 Qg4 36. Qb3+ Kh8 37. Rfe1 e4 38. h3 Qg6 39. Qb4 e3 40. Nf3 Ne4
41. Kh2 Qg3+ 42. Kg1 Nc3 43. Qxd4 Nxe2+ 44. Rxe2 Rae7 45. c4 Qc7 46. Qd6 Rd7
47. Qxc7 Rxc7 48. Nh2 Rxc5 49. Ng4 Rxc4 50. Rxe3 Rxe3 51. Nxe3 Ra4 52. Kf2 Kh7
53. Kf3 Kg6 54. g3 Kg5 55. Nc2 h5 56. Ne3 Kf6 57. Nd5+ Kf5 58. Ne7+ Ke6 59. Ng6
Ra3+ 60. Kf2 Kf5 61. Nf4 h4 62. Ne2 Ke4 63. gxh4 Rxh3 64. Ng3+ Kf4 65. Nh5+ Ke5
0-1

[Event "ch-ROU 2018"]
[Site "Olanesti ROU"]
[Date "2018.05.22"]
[Round "9.10"]
[White "Vasilescu, Lucian Mihail"]
[Black "Stoleriu , George"]
[Result "0-1"]
[WhiteElo "2243"]
[BlackElo "2333"]
[PlyCount "87"]
[EventDate "2018.05.14"]

1. c4 e5 2. g3 Nc6 3. Bg2 g6 4. Nc3 Bg7 5. d3 d6 6. Bd2 Nge7 7. Rc1 O-O 8. Nd5
a5 9. a3 Be6 10. e3 Qd7 11. Qa4 Ra7 12. Ne2 Bf5 13. e4 Bh3 14. Nxe7+ Nxe7 15.
Qxd7 Bxd7 16. Be3 c5 17. Nc3 a4 18. Rb1 Bc6 19. Kd2 Nf5 20. Nb5 Ra5 21. b4 axb3
22. Rxb3 Nxe3 23. Kxe3 Bxb5 24. cxb5 Rfa8 25. Ra1 Bh6+ 26. Ke2 Ra4 27. Bh3 Rd4
28. Bd7 Rd8 29. Bh3 c4 30. dxc4 Rxe4+ 31. Kd3 Rd4+ 32. Kc3 Bd2+ 33. Kb2 Rxc4
34. Bg2 e4 35. Rd1 Bh6 36. Rb4 Bg7+ 37. Kb1 Rxb4+ 38. axb4 f5 39. f3 Ra8 40.
Rxd6 Ra1+ 41. Kc2 Ra2+ 42. Kb3 Rxg2 43. fxe4 fxe4 44. Rd8+ 0-1

[Event "Campionatele Nationale de sah pentru co"]
[Site "Calimanesti-Caciulata"]
[Date "2018.03.27"]
[Round "1.1"]
[White "Stoleriu , George"]
[Black "Cotruta, Alexandru-Mihai"]
[Result "1-0"]
[WhiteElo "2337"]
[BlackElo "1811"]
[PlyCount "79"]
[EventDate "2018.03.27"]
[EventRounds "9"]

1. d4 Nf6 2. Bg5 c5 3. Bxf6 gxf6 4. d5 d6 5. c4 b5 6. cxb5 a6 7. e3 axb5 8.
Bxb5+ Nd7 9. Nc3 Ba6 10. Bc6 Rb8 11. Qa4 Bc8 12. Bb5 Bg7 13. Nge2 O-O 14. O-O
f5 15. h3 Ne5 16. Qc2 Qa5 17. a4 Kh8 18. f4 Ng6 19. Rad1 Qb4 20. b3 Rg8 21. Na2
Qa5 22. Qd2 Qa7 23. Kh2 Ba6 24. Nac3 Rgc8 25. Qd3 Bxb5 26. Nxb5 Qd7 27. Rc1 Rb6
28. Rfd1 Kg8 29. Ng3 e6 30. Nh5 Bh8 31. e4 fxe4 32. Qxe4 Ne7 33. dxe6 fxe6 34.
Re1 d5 35. Qe2 Kf7 36. Ng3 Rg8 37. Qh5+ Kf8 38. Rxc5 Nf5 39. Nxf5 exf5 40. Rc7
1-0

[Event "Campionatele Nationale de sah pentru co"]
[Site "Calimanesti-Caciulata"]
[Date "2018.03.28"]
[Round "2.1"]
[White "Farcadi, Hunor"]
[Black "Stoleriu , George"]
[Result "0-1"]
[WhiteElo "2016"]
[BlackElo "2337"]
[PlyCount "56"]
[EventDate "2018.03.27"]
[EventRounds "9"]

1. d4 e6 2. Bf4 Nf6 3. Nf3 b6 4. e3 Bb7 5. Bd3 d6 6. Nbd2 Nbd7 7. O-O h6 8. h3
g6 9. Qe2 Bg7 10. e4 O-O 11. Bh2 Re8 12. e5 dxe5 13. dxe5 Nd5 14. Be4 Nc5 15.
c4 Nb4 16. Bxb7 Nxb7 17. Ne1 Nc5 18. Ne4 Nxe4 19. Qxe4 Qd2 20. Rb1 Nxa2 21. Nd3
Rad8 22. Nc1 Nb4 23. Ne2 Qd3 24. Qxd3 Rxd3 25. Nc3 Red8 26. Nb5 a6 27. Nc3 R8d4
28. Rfd1 Rxc4 0-1

[Event "Campionatele Nationale de sah pentru co"]
[Site "Calimanesti-Caciulata"]
[Date "2018.03.29"]
[Round "3.1"]
[White "Stoleriu , George"]
[Black "Craciun, Alexandru-Emilian"]
[Result "1-0"]
[WhiteElo "2337"]
[BlackElo "2029"]
[PlyCount "135"]
[EventDate "2018.03.27"]
[EventRounds "9"]

1. Nf3 Nf6 2. g3 e6 3. Bg2 d5 4. c4 c5 5. cxd5 exd5 6. O-O Nc6 7. d4 h6 8. Nc3
Be6 9. Be3 c4 10. Ne5 Qc8 11. b3 Bb4 12. Rc1 O-O 13. bxc4 dxc4 14. Nxc6 bxc6
15. Bd2 Rd8 16. Qa4 Bxc3 17. Bxc3 Nd5 18. Ba1 Qd7 19. Qxc4 Nf4 20. d5 Nxd5 21.
Qxc6 Qxc6 22. Rxc6 Rdc8 23. Rxc8+ Rxc8 24. a3 Rc2 25. Rd1 Nc3 26. Bxc3 Rxc3 27.
Rd8+ Kh7 28. Be4+ g6 29. Rd3 Rc4 30. f3 Kg7 31. Kf2 Rc5 32. f4 Rc4 33. Bf3 g5
34. fxg5 hxg5 35. Bd5 Ra4 36. Bxe6 fxe6 37. h3 Kf6 38. Kf3 Kf5 39. Rc3 Ke5 40.
Rb3 a6 41. Re3+ Kf6 42. g4 Rc4 43. Kg3 Rc1 44. Rf3+ Kg6 45. Kf2 Rc4 46. Rb3 Ra4
47. Kg3 Kf6 48. h4 gxh4+ 49. Kxh4 Ra5 50. Re3 Rc5 51. Rf3+ Kg6 52. Re3 Kf6 53.
Re4 Ra5 54. a4 Rc5 55. Rf4+ Kg6 56. Rb4 Ra5 57. Rc4 Kf6 58. Kg3 Kg5 59. e3 Re5
60. Kf3 Ra5 61. Re4 Kf6 62. Kf4 Rc5 63. Rb4 Ra5 64. g5+ Kf7 65. Rb7+ Kg6 66.
Re7 Rxa4+ 67. e4 Ra5 (67... Ra3 68. Rxe6+ Kg7 69. Kf5 Ra1 70. Re7+ Kf8 71. Ra7
a5 72. Kf6 Rf1+ 73. Kg6 Ra1 74. Ra8+ Ke7 75. Kg7 a4 76. g6 a3 77. Ra7+ Ke8 78.
Kf6 Rf1+ 79. Ke6 Kf8 80. Rxa3 Kg7 81. e5 Rg1 82. Rf3 Rxg6+ 83. Ke7 Ra6 84. Rg3+
Kh7 85. e6 Ra7+ 86. Kf6 Ra1 87. e7 Rf1+ 88. Ke6 Re1+ 89. Kf7 Rf1+ 90. Ke8 Re1
91. Rg4 Kh8 92. Kf7 Rf1+ 93. Ke6 Re1+ 94. Kf6 Kh7 95. Rg5) 68. Rxe6+ 1-0

[Event "Campionatele Nationale de sah pentru co"]
[Site "Calimanesti-Caciulata"]
[Date "2018.03.29"]
[Round "4.1"]
[White "Isfan, Ioan-Marius"]
[Black "Stoleriu , George"]
[Result "0-1"]
[WhiteElo "2062"]
[BlackElo "2337"]
[PlyCount "40"]
[EventDate "2018.03.27"]
[EventRounds "9"]

1. d4 e6 2. Nf3 Nf6 3. c4 Bb4+ 4. Nbd2 b6 5. a3 Bxd2+ 6. Qxd2 O-O 7. e3 a5 8.
b3 Bb7 9. Be2 d6 10. Bb2 Nbd7 11. O-O Qe7 12. Qc2 Be4 13. Qc3 Rfe8 14. Rfe1 Bb7
15. Rad1 e5 16. d5 c6 17. dxc6 Bxc6 18. Bd3 Nc5 19. Bb1 Qb7 20. Rxd6 Nce4 0-1